[Event "23.Schlosspark-Open"]
[Site "Wiesbaden"]
[Date "2011.08.25"]
[Round "1.1"]
[White "Luther, Thomas"]
[Black "Barisch, Florian"]
[Result "1-0"]
[WhiteElo "2515"]
[BlackElo "1954"]
[PlyCount "67"]
[EventDate "2011.??.??"]
[WhiteTeam "SV Empor Erfurt"]
[BlackTeam "SV 1934 Ffm-Griesheim"]

1. e4 c5 2. Nf3 Nc6 3. d4 cxd4 4. Nxd4 Nf6 5. Nc3 d6 6. Be2 e6 7. Be3 Be7 8.
Qd2 O-O 9. O-O-O a6 10. Kb1 Qc7 11. g4 b5 12. g5 Nd7 13. h4 Nb6 14. Nxc6 Qxc6
15. Qd4 Rb8 16. h5 Rd8 17. f4 Bd7 18. h6 Bf8 19. hxg7 Bxg7 20. e5 d5 21. Bd3
Na4 22. Bxh7+ Kf8 23. Nxa4 bxa4 24. Qc5+ Ke8 25. Qxc6 Bxc6 26. Bd4 a3 27. b3 a5
28. c3 Bf8 29. Bc2 Rdc8 30. Rh8 Kd7 31. Rh7 Ke8 32. Rdh1 a4 33. g6 axb3 34.
axb3 {ZÜ} 1-0

[Event "23.Schlosspark-Open"]
[Site "Wiesbaden"]
[Date "2011.08.25"]
[Round "1.2"]
[White "Dittmar, Thomas"]
[Black "Meijers, Viesturs"]
[Result "0-1"]
[WhiteElo "1952"]
[BlackElo "2492"]
[PlyCount "68"]
[EventDate "2011.??.??"]
[WhiteTeam "SF Fürth 1951 e.V."]
[BlackTeam "ESV Nickelhütte Aue"]

1. d4 Nf6 2. Nf3 e6 3. c4 b6 4. g3 Bb7 5. Bg2 c5 6. d5 exd5 7. Nh4 g6 8. O-O
Bg7 9. cxd5 O-O 10. Nc3 d6 11. a4 a6 12. e4 Nbd7 13. f4 Qc7 14. h3 c4 15. Kh2
Rfe8 16. f5 Nc5 17. fxg6 fxg6 18. Qe2 Nb3 19. Bg5 Nxd5 20. Nxd5 Bxd5 21. Rad1
Bb7 22. Bf6 d5 23. Qg4 d4 24. e5 Bxg2 25. Nxg2 Bxf6 26. exf6 Qf7 27. Nf4 Re5
28. Ne2 d3 29. Nd4 Nxd4 30. Qxd4 Re2+ 31. Kg1 h5 32. Rf3 b5 33. b3 Qa7 34. f7+
Kf8 0-1

[Event "23.Schlosspark-Open"]
[Site "Wiesbaden"]
[Date "2011.08.25"]
[Round "1.3"]
[White "Boidman, Yuri"]
[Black "Kannenberg, Carl-Fr"]
[Result "1-0"]
[WhiteElo "2444"]
[BlackElo "1947"]
[PlyCount "21"]
[EventDate "2011.??.??"]
[WhiteTeam "SC Heimbach-Weis/N."]
[BlackTeam "SAbt TuS Dotzheim"]

1. e4 e5 2. Nf3 Nc6 3. Bb5 a6 4. Ba4 Nf6 5. O-O b5 6. Bb3 Be7 7. Re1 O-O 8. d4
d6 9. c3 Bg4 10. Be3 Nxe4 11. Bd5 1-0

[Event "23.Schlosspark-Open"]
[Site "Wiesbaden"]
[Date "2011.08.25"]
[Round "1.4"]
[White "Drewes, Thomas"]
[Black "Poetsch, Hagen"]
[Result "0-1"]
[WhiteElo "1944"]
[BlackElo "2403"]
[PlyCount "74"]
[EventDate "2011.??.??"]
[WhiteTeam "SV Würzburg von 1865"]
[BlackTeam "Wiesbadener SV 1885"]

1. d4 d5 2. Nf3 Bg4 3. e3 Nc6 4. Be2 Nf6 5. Nbd2 e6 6. O-O Bd6 7. c4 O-O 8. c5
Be7 9. a3 a5 10. b3 Nd7 11. Bb2 Bf6 12. Rc1 Re8 13. Ne1 Bxe2 14. Qxe2 e5 15.
dxe5 Ndxe5 16. Nef3 Nd3 17. Qxd3 Bxb2 18. Rcd1 Bxa3 19. Qb5 Rb8 20. Nc4 Bb4 21.
Nb2 Na7 22. Qd3 c6 23. Na4 Qe7 24. Qc2 Nb5 25. Nd4 Nc7 26. Nf5 Qf6 27. Nd6 Red8
28. Rd4 Ne6 29. Rg4 b5 30. Nb2 Bxc5 31. Nf5 Ba3 32. Nd1 Bf8 33. e4 dxe4 34.
Qxe4 h5 35. Rg3 Nc5 36. Qf4 Bd6 37. Nh6+ Kh7 0-1

[Event "23.Schlosspark-Open"]
[Site "Wiesbaden"]
[Date "2011.08.25"]
[Round "1.5"]
[White "Donchenko, Anatoly"]
[Black "Zimmer, Gerald"]
[Result "1-0"]
[WhiteElo "2383"]
[BlackElo "1944"]
[PlyCount "47"]
[EventDate "2011.??.??"]
[WhiteTeam "SK 1858 Gießen"]
[BlackTeam "SC Bergen-Enkheim 1922"]

1. Nf3 e6 2. c4 Nf6 3. g3 b6 4. Bg2 Bb7 5. O-O Be7 6. Nc3 O-O 7. d4 d5 8. cxd5
Nxd5 9. Nxd5 Bxd5 10. Qc2 c5 11. dxc5 Bxc5 12. Ng5 g6 13. Ne4 Bd4 14. Rd1 Bg7
15. Bg5 f6 16. Nc3 Qc8 17. Rxd5 fxg5 18. Rxg5 Nc6 19. Qe4 Bf6 20. Rg4 Ne5 21.
Rf4 Kg7 22. Qxa8 Qc7 23. Qe4 g5 24. Rxf6 1-0

[Event "23.Schlosspark-Open"]
[Site "Wiesbaden"]
[Date "2011.08.25"]
[Round "1.6"]
[White "Machlin, Maxim"]
[Black "Geske, Julian"]
[Result "0-1"]
[WhiteElo "1943"]
[BlackElo "2337"]
[PlyCount "60"]
[EventDate "2011.??.??"]
[WhiteTeam "Biebertaler SF"]
[BlackTeam "Wiesbadener SV 1885"]

1. e4 d5 2. exd5 Qxd5 3. Nc3 Qa5 4. d4 Nf6 5. Nf3 Bf5 6. Bc4 e6 7. Bd2 c6 8.
Nd5 Qd8 9. Nxf6+ gxf6 10. Qe2 Nd7 11. d5 cxd5 12. Bxd5 Qb6 13. Bb3 O-O-O 14. g4
Bg6 15. Bc3 Bc5 16. O-O-O h5 17. Nd2 hxg4 18. Nc4 Qc6 19. Na5 Qc7 20. Kb1 Ne5
21. Rxd8+ Rxd8 22. Nc4 Nxc4 23. Bxc4 Qf4 24. Bxe6+ fxe6 25. Qxe6+ Kb8 26. Bxf6
Re8 27. Qd5 Be4 28. Re1 Qxf6 29. Rxe4 Rd8 30. Re6 Rxd5 0-1

[Event "23.Schlosspark-Open"]
[Site "Wiesbaden"]
[Date "2011.08.25"]
[Round "1.7"]
[White "Dausch, Rene"]
[Black "Cordes, Lothar"]
[Result "1-0"]
[WhiteElo "2375"]
[BlackElo "1942"]
[PlyCount "63"]
[EventDate "2011.??.??"]
[WhiteTeam "SC Böblingen 1975 e.V."]
[BlackTeam "SF Lilienthal von 1971"]

1. e4 e6 2. d3 d5 3. Nd2 c5 4. Ngf3 Nc6 5. g3 Nf6 6. Bg2 Be7 7. O-O O-O 8. Re1
b5 9. exd5 exd5 10. a4 b4 11. d4 c4 12. Ne5 Bb7 13. Ndxc4 Rc8 14. Nxc6 Bxc6 15.
Ne5 Bb7 16. a5 Qc7 17. a6 Ba8 18. Bh3 Rce8 19. Bg5 h6 20. Bxf6 Bxf6 21. Nd7
Rxe1+ 22. Qxe1 Rd8 23. Nxf6+ gxf6 24. Qxb4 Rb8 25. Qd2 Rxb2 26. Bf5 Kg7 27. Re1
Bc6 28. Qc3 Rb8 29. Qf3 Qa5 30. c3 Qxa6 31. Qg4+ Kf8 32. Bh7 1-0

[Event "23.Schlosspark-Open"]
[Site "Wiesbaden"]
[Date "2011.08.25"]
[Round "1.9"]
[White "Nagel, Bernhard"]
[Black "Karthaus, Carsten"]
[Result "1-0"]
[WhiteElo "2277"]
[BlackElo "1927"]
[PlyCount "49"]
[EventDate "2011.??.??"]
[WhiteTeam "Wiesbadener SV 1885"]
[BlackTeam "SC Murrhardt 1948 e.V."]

1. Nf3 Nf6 2. c4 d5 3. cxd5 Qxd5 4. Nc3 Qa5 5. d4 c6 6. Bd2 Bg4 7. Ne5 Bh5 8.
f3 Nbd7 9. Nc4 Qd8 10. a4 e6 11. e4 Bb4 12. e5 Nd5 13. Nxd5 exd5 14. Bxb4 dxc4
15. Bd6 Nb6 16. h4 h6 17. Kf2 g5 18. g4 Bg6 19. a5 Nc8 20. Bb4 gxh4 21. Bxc4
Ne7 22. Qd2 Nd5 23. Rad1 Qd7 24. Bd6 O-O-O 25. Bxd5 1-0

[Event "23.Schlosspark-Open"]
[Site "Wiesbaden"]
[Date "2011.08.25"]
[Round "1.11"]
[White "Gottschalk, Jens"]
[Black "Larem, Peter"]
[Result "1-0"]
[WhiteElo "2268"]
[BlackElo "1914"]
[PlyCount "45"]
[EventDate "2011.??.??"]
[WhiteTeam "Wiesbadener SV 1885"]
[BlackTeam "SSG Rödermark-Epp."]

1. d4 Nf6 2. c4 c5 3. d5 b5 4. cxb5 a6 5. Nc3 g6 6. e4 d6 7. f4 Bg7 8. e5 dxe5
9. fxe5 Ng4 10. e6 Bxc3+ 11. bxc3 Bxe6 12. dxe6 Qxd1+ 13. Kxd1 Nf2+ 14. Ke1
Nxh1 15. g3 fxe6 16. Bg2 Ra7 17. b6 Rd7 18. Bf4 O-O 19. Bxh1 Rd3 20. Ne2 a5 21.
Be4 Rd7 22. Rb1 Kf7 23. Rb5 1-0

[Event "23.Schlosspark-Open"]
[Site "Wiesbaden"]
[Date "2011.08.25"]
[Round "1.12"]
[White "Beulertz, Stefan"]
[Black "Kiese, Matthias"]
[Result "0-1"]
[WhiteElo "1897"]
[BlackElo "2258"]
[PlyCount "60"]
[EventDate "2011.??.??"]
[WhiteTeam "Malta Chess Federation"]
[BlackTeam "Bochumer SV 02"]

1. e4 c5 2. c3 d5 3. exd5 Qxd5 4. Nf3 Nc6 5. d4 Bg4 6. Be2 cxd4 7. cxd4 e6 8.
Nc3 Qa5 9. O-O Nf6 10. Be3 Bd6 11. Nb5 Bb8 12. Ne5 Bxe2 13. Qxe2 Ne7 14. b4 Qd8
15. Nc3 O-O 16. Qb5 Nfd5 17. Rac1 a6 18. Qc4 Nxe3 19. fxe3 Bxe5 20. dxe5 Rc8
21. Qd4 Nf5 22. Qe4 Qb6 23. Rf3 Rfd8 24. g4 Nh6 25. Rh3 Qc6 26. Qf4 Qc4 27. e4
Qd4+ 28. Qe3 Qxe3+ 29. Rxe3 Nxg4 30. Rg3 Nxe5 0-1

[Event "23.Schlosspark-Open"]
[Site "Wiesbaden"]
[Date "2011.08.25"]
[Round "1.13"]
[White "Repplinger, Marc"]
[Black "Krebs, Armin"]
[Result "1-0"]
[WhiteElo "2249"]
[BlackElo "1896"]
[PlyCount "77"]
[EventDate "2011.??.??"]
[WhiteTeam "SV Koblenz 03/25"]
[BlackTeam "SV Ebersbach"]

1. d4 Nf6 2. Nf3 g6 3. Bf4 Bg7 4. e3 O-O 5. h3 c5 6. c3 cxd4 7. exd4 d6 8. Be2
Nbd7 9. O-O b6 10. Re1 Bb7 11. Nbd2 Nd5 12. Bh2 e5 13. Qb3 Nf4 14. Bxf4 exf4
15. Bd3 Nf6 16. Ne4 Nxe4 17. Bxe4 d5 18. Bd3 Qd6 19. a4 a5 20. Bb5 f6 21. Re2
Bc6 22. Rae1 Bd7 23. Bxd7 Qxd7 24. Re7 Qf5 25. Qxb6 Rab8 26. Qxa5 g5 27. Qc7
Qg6 28. Qd7 Rxb2 29. Qxd5+ Kh8 30. Qe4 f5 31. Qe6 Qh5 32. Re8 g4 33. Rxf8+ Bxf8
34. Qe5+ Kg8 35. hxg4 Qxg4 36. Qd5+ Kg7 37. a5 h5 38. Ne5 Qh4 39. Qf7+ 1-0

[Event "23.Schlosspark-Open"]
[Site "Wiesbaden"]
[Date "2011.08.25"]
[Round "1.14"]
[White "Beck, Michael"]
[Black "Werner, Dimo"]
[Result "0-1"]
[WhiteElo "1885"]
[BlackElo "2237"]
[PlyCount "112"]
[EventDate "2011.??.??"]
[WhiteTeam "SC Flörsheim 1921"]
[BlackTeam "Vorw.Orient Mainz"]

1. Nf3 c5 2. c4 Nc6 3. d4 cxd4 4. Nxd4 Nf6 5. Nc3 g6 6. e4 d6 7. Be2 Bg7 8. Nc2
O-O 9. Be3 b6 10. O-O Bb7 11. f3 Rc8 12. Qd2 Nd7 13. Nd4 Nxd4 14. Bxd4 Bxd4+
15. Qxd4 a5 16. Rfd1 Qc7 17. Rac1 Qc5 18. b3 Qxd4+ 19. Rxd4 Nc5 20. Rcd1 f5 21.
exf5 gxf5 22. Nd5 Bxd5 23. Rxd5 Rf6 24. Bd3 Nxd3 25. R1xd3 Rc5 26. Rxc5 bxc5
27. f4 Re6 28. Kf2 Re4 29. g3 Kf7 30. Re3 Rd4 31. Ke2 a4 32. Rc3 axb3 33. axb3
e5 34. fxe5 dxe5 35. Rc1 e4 36. Ra1 Rd3 37. Ra5 Rxb3 38. Rxc5 Ke6 39. Rc6+ Ke5
40. Rh6 Kd4 41. Rd6+ Kxc4 42. Rf6 Kd4 43. Rd6+ Ke5 44. Rh6 Rb7 45. Ke3 Ra7 46.
h4 Ra3+ 47. Kf2 Ra2+ 48. Kf1 Kd4 49. Rxh7 f4 50. gxf4 Ke3 51. Rb7 Kf3 52. Rb3+
e3 53. Rb1 Rh2 54. Kg1 Rg2+ 55. Kh1 e2 56. Re1 Rg4 0-1

[Event "23.Schlosspark-Open"]
[Site "Wiesbaden"]
[Date "2011.08.25"]
[Round "1.15"]
[White "Kayser, Felix"]
[Black "Launert, Martin"]
[Result "1-0"]
[WhiteElo "2190"]
[BlackElo "1875"]
[PlyCount "55"]
[EventDate "2011.??.??"]
[WhiteTeam "Wiesbadener SV 1885"]
[BlackTeam "Sfr.Erbach"]

1. e4 e5 2. Nf3 Nc6 3. d4 exd4 4. Bc4 Nf6 5. e5 d5 6. Bb5 Ne4 7. Nxd4 Bd7 8.
Bxc6 bxc6 9. O-O Be7 10. f3 Ng5 11. f4 Ne4 12. f5 c5 13. Ne2 c6 14. Nbc3 Nxc3
15. Nxc3 Qc7 16. e6 fxe6 17. Qh5+ Kd8 18. fxe6 Be8 19. Qg4 Bg6 20. Bf4 Bd6 21.
Rae1 Bxf4 22. e7+ Ke8 23. Rxf4 Qc8 24. Qf3 Kd7 25. Nxd5 cxd5 26. Qxd5+ Ke8 27.
Ref1 a5 28. Qd6 1-0

[Event "23.Schlosspark-Open"]
[Site "Wiesbaden"]
[Date "2011.08.25"]
[Round "1.16"]
[White "Preiß, Vincent"]
[Black "Rott, Georg"]
[Result "1/2-1/2"]
[WhiteElo "1869"]
[BlackElo "2223"]
[PlyCount "51"]
[EventDate "2011.??.??"]
[WhiteTeam "SV Saarbrücken 1970"]
[BlackTeam "SK Münster 32 e.V."]

1. e4 e6 2. d4 d5 3. e5 c5 4. c3 Nc6 5. Nf3 Bd7 6. Bd3 Qb6 7. O-O cxd4 8. cxd4
Nxd4 9. Nbd2 Bb5 10. Bxb5+ Nxb5 11. Qa4 Qc6 12. Nb3 b6 13. Be3 Qd7 14. Bxb6 Rc8
15. Be3 Rc4 16. Qa6 Qc6 17. Qxc6+ Rxc6 18. Rac1 Kd7 19. Rxc6 Kxc6 20. Rc1+ Kd7
21. a4 Nc7 22. Bxa7 Na6 23. Nc5+ Nxc5 24. Bxc5 Ne7 25. Nd4 Ng6 26. Nf3 1/2-1/2

[Event "23.Schlosspark-Open"]
[Site "Wiesbaden"]
[Date "2011.08.25"]
[Round "1.17"]
[White "Pioch, Thomas"]
[Black "Lanz, Udo"]
[Result "1/2-1/2"]
[WhiteElo "2216"]
[BlackElo "1845"]
[PlyCount "32"]
[EventDate "2011.??.??"]
[WhiteTeam "Sfr.Mainz 1928"]
[BlackTeam "SC Eberbach"]

1. e4 e5 2. Nf3 Nc6 3. Bb5 Bc5 4. c3 Nf6 5. Qe2 O-O 6. d3 d6 7. O-O h6 8. a4 a6
9. Bc4 Bg4 10. b4 Bb6 11. Be3 Ne7 12. h3 Be6 13. Bxe6 fxe6 14. Nbd2 Ng6 15. Nc4
Bxe3 16. fxe3 b5 1/2-1/2

[Event "23.Schlosspark-Open"]
[Site "Wiesbaden"]
[Date "2011.08.25"]
[Round "1.18"]
[White "Stang, Wolfgang"]
[Black "Minor, Samuel"]
[Result "0-1"]
[WhiteElo "1834"]
[BlackElo "2210"]
[PlyCount "46"]
[EventDate "2011.??.??"]
[WhiteTeam "PSV Dorfen"]
[BlackTeam "Wiesbadener SV 1885"]

1. d4 Nf6 2. Nf3 d5 3. c4 dxc4 4. Nc3 a6 5. a4 Nc6 6. e3 Na5 7. Ne5 Be6 8. Qf3
c6 9. Be2 g6 10. g4 h6 11. h4 Bg7 12. Bd2 h5 13. gxh5 Nxh5 14. Qe4 Bf5 15. Qg2
Bxe5 16. dxe5 Nb3 17. Rd1 Bc2 18. Ne4 Bxd1 19. Bxd1 Nxd2 20. Nxd2 Qa5 21. e6
O-O-O 22. f4 Ng3 23. Rh2 Nf5 0-1

[Event "23.Schlosspark-Open"]
[Site "Wiesbaden"]
[Date "2011.08.25"]
[Round "1.19"]
[White "Mayer, Frank"]
[Black "Dehning-Busse, Karsten"]
[Result "1/2-1/2"]
[WhiteElo "2204"]
[BlackElo "1828"]
[PlyCount "54"]
[EventDate "2011.??.??"]
[WhiteTeam "Wiesbadener SV 1885"]
[BlackTeam "SF Lilienthal von 1971"]

1. e4 d6 2. d4 Nf6 3. Nc3 g6 4. Be3 c6 5. Qd2 Nbd7 6. h3 e5 7. Nf3 Qe7 8. Bd3
Bg7 9. O-O O-O 10. a4 exd4 11. Bxd4 Ne5 12. Nxe5 dxe5 13. Be3 Be6 14. Ne2 Nd7
15. Qc3 a5 16. Nc1 Rfc8 17. Nb3 b6 18. Bc4 Bxc4 19. Qxc4 c5 20. Rfd1 Nf6 21.
Bg5 Qc7 22. Nd2 Rd8 23. Nf1 Rd4 24. Qe2 Rad8 25. Bxf6 Bxf6 26. c3 Rxd1 27. Rxd1
Bg5 1/2-1/2

[Event "23.Schlosspark-Open"]
[Site "Wiesbaden"]
[Date "2011.08.25"]
[Round "1.20"]
[White "Sprünken, Dirk"]
[Black "Prenzler, Daniel"]
[Result "0-1"]
[WhiteElo "1821"]
[BlackElo "2203"]
[PlyCount "92"]
[EventDate "2011.??.??"]
[WhiteTeam "SK Freising"]
[BlackTeam "SC 1961 König Nied"]

1. Nf3 Nf6 2. c4 c5 3. g3 d5 4. Bg2 Nc6 5. O-O d4 6. d3 e5 7. Ne1 Be7 8. Na3
O-O 9. Nac2 Be6 10. b3 Qd7 11. Bd2 Bh3 12. Bxh3 Qxh3 13. f3 Nh5 14. Rf2 f5 15.
Rg2 Rf7 16. Na3 Raf8 17. Nec2 e4 18. Be1 e3 19. Nb5 f4 20. g4 Nf6 21. Nc7 Rc8
22. Ne6 Ne8 23. b4 b6 24. bxc5 bxc5 25. Rb1 Qh6 26. Nxf4 Qxf4 27. Bg3 Qf6 28.
Rb7 Bd6 29. Qb1 Bxg3 30. hxg3 Rxb7 31. Qxb7 Qd8 32. Rh2 Qc7 33. Qxc7 Nxc7 34.
Rh5 Ne6 35. Na1 Nb4 36. a3 Na2 37. Nb3 Nc3 38. Kf1 Rb8 39. Nxc5 Rb1+ 40. Kg2
Nxc5 41. Rxc5 Nxe2 42. Re5 Nc3 43. c5 e2 44. c6 e1=Q 45. Rxe1 Rxe1 46. c7 Re8
0-1

[Event "23.Schlosspark-Open"]
[Site "Wiesbaden"]
[Date "2011.08.25"]
[Round "1.21"]
[White "Nabavi, Parwis"]
[Black "Sonnhoff, Werner"]
[Result "1-0"]
[WhiteElo "2202"]
[BlackElo "1800"]
[PlyCount "67"]
[EventDate "2011.??.??"]
[WhiteTeam "SGEM Dreisamtal"]
[BlackTeam "SC 1924 Lampertheim"]

1. d4 d5 2. c4 e6 3. Nc3 c6 4. e4 dxe4 5. Nxe4 Bb4+ 6. Bd2 Qxd4 7. Bxb4 Qxe4+
8. Be2 Nh6 9. Qd2 a5 10. O-O-O Nd7 11. Bc5 Qh4 12. Nf3 Qd8 13. Ne5 Qc7 14. Nxd7
Bxd7 15. Bb6 Qxb6 16. Qxd7+ Kf8 17. Qd6+ Ke8 18. Qe5 Rg8 19. c5 Qa7 20. g4 Qb8
21. Qe4 Rh8 22. f4 Ng8 23. Qd4 Ne7 24. Bc4 Nd5 25. Bxd5 cxd5 26. f5 Qc7 27.
Qxg7 Qxc5+ 28. Kb1 Qf8 29. Qd4 Rg8 30. Rhe1 Qd6 31. fxe6 fxe6 32. Qf6 Kd7 33.
Qf7+ Qe7 34. Rxd5+ 1-0

[Event "23.Schlosspark-Open"]
[Site "Wiesbaden"]
[Date "2011.08.25"]
[Round "1.22"]
[White "Süß, Stefan"]
[Black "Cattus, Nico"]
[Result "1/2-1/2"]
[WhiteElo "1800"]
[BlackElo "2201"]
[PlyCount "57"]
[EventDate "2011.??.??"]
[WhiteTeam "Mosbacher SC v.1931"]
[BlackTeam "vereinslos"]

1. d4 Nf6 2. Bf4 g6 3. e3 Bg7 4. Be2 d6 5. Nd2 Nbd7 6. Ngf3 c6 7. c3 Nh5 8. Bg5
h6 9. Bh4 g5 10. Bg3 Nxg3 11. hxg3 d5 12. Qc2 Qc7 13. O-O-O Nf6 14. Ne5 Be6 15.
f4 Ne4 16. Nxe4 dxe4 17. Bc4 Bxc4 18. Nxc4 f5 19. Ne5 Bxe5 20. dxe5 gxf4 21.
gxf4 Rd8 22. Qe2 Rxd1+ 23. Qxd1 Qb6 24. Qh5+ Kd8 25. Rd1+ Kc7 26. Qe2 Rg8 27.
Qf2 Rd8 28. Rxd8 Kxd8 29. Qd2+ 1/2-1/2

[Event "23.Schlosspark-Open"]
[Site "Wiesbaden"]
[Date "2011.08.25"]
[Round "1.24"]
[White "Wohlfahrt, Michael"]
[Black "Vogel, Christian"]
[Result "0-1"]
[WhiteElo "1765"]
[BlackElo "2184"]
[PlyCount "58"]
[EventDate "2011.??.??"]
[WhiteTeam "SAbt TSF Welzheim"]
[BlackTeam "SV Saarbrücken 1970"]

1. e4 c5 2. Nf3 e6 3. Qe2 Nc6 4. c3 d5 5. d3 Nf6 6. Bg5 Be7 7. e5 Nd7 8. Bxe7
Qxe7 9. d4 O-O 10. Qd2 f6 11. exf6 Nxf6 12. Be2 Ne4 13. Qc2 cxd4 14. O-O dxc3
15. bxc3 e5 16. Nbd2 Bf5 17. Qb2 Nc5 18. Nb3 Ne6 19. Bb5 Be4 20. Nbd2 Bxf3 21.
Nxf3 e4 22. Nd4 Ncxd4 23. cxd4 Qg5 24. g3 Rf3 25. h4 Qf6 26. Rad1 Rf8 27. Kg2
Nf4+ 28. Kg1 Qf5 29. Be2 Qh3 0-1

[Event "23.Schlosspark-Open"]
[Site "Wiesbaden"]
[Date "2011.08.25"]
[Round "1.25"]
[White "Fellhauer, Clemens"]
[Black "Schellen, Sven"]
[Result "1/2-1/2"]
[WhiteElo "2178"]
[BlackElo "1754"]
[PlyCount "62"]
[EventDate "2011.??.??"]
[WhiteTeam "SK 69 Mühlhausen e.V."]
[BlackTeam "Sfr. Frankfurt 1921"]

1. e4 e6 2. Qe2 b6 3. g3 Bb7 4. Bg2 Ne7 5. Nf3 d5 6. exd5 Bxd5 7. O-O g6 8. Qe5
Rg8 9. Nc3 Bg7 10. Qf4 Qd6 11. d4 Qxf4 12. Bxf4 c6 13. Rad1 f6 14. Rfe1 Kf7 15.
Ne4 Bxe4 16. Rxe4 Nd5 17. Bc1 Re8 18. c4 Ne7 19. Rde1 Nf5 20. Bf4 Nd7 21. g4
Nh6 22. h3 c5 23. Bd6 Bf8 24. Bxf8 Nxf8 25. g5 Nf5 26. gxf6 Kxf6 27. d5 Nd6 28.
Rf4+ Kg7 29. Kf1 exd5 30. Rxe8 Rxe8 31. cxd5 Nd7 1/2-1/2

[Event "23.Schlosspark-Open"]
[Site "Wiesbaden"]
[Date "2011.08.25"]
[Round "1.26"]
[White "Meisegeier, Thomas"]
[Black "Weber, Rainer"]
[Result "0-1"]
[WhiteElo "1752"]
[BlackElo "2174"]
[PlyCount "64"]
[EventDate "2011.??.??"]
[WhiteTeam "SC Frankfurt-West"]
[BlackTeam "SV Ebersbach"]

1. d4 d5 2. Nf3 Nf6 3. Bf4 e6 4. e3 c5 5. c3 Nc6 6. Nbd2 cxd4 7. exd4 Bd6 8.
Bxd6 Qxd6 9. Bd3 O-O 10. O-O Re8 11. Re1 e5 12. dxe5 Nxe5 13. Nxe5 Rxe5 14.
Rxe5 Qxe5 15. Nf3 Qh5 16. Qd2 Bg4 17. Nd4 Bd7 18. f3 Re8 19. Re1 Re5 20. Rxe5
Qxe5 21. Qe2 Qd6 22. Nf5 Bxf5 23. Bxf5 g6 24. Bd3 d4 25. Qc2 Kg7 26. g3 Qd5 27.
cxd4 Qxd4+ 28. Kg2 Nd5 29. Qb3 b6 30. Be4 Ne3+ 31. Kh1 Nd1 32. Qd3 Nf2+ 0-1

[Event "23.Schlosspark-Open"]
[Site "Wiesbaden"]
[Date "2011.08.25"]
[Round "1.27"]
[White "Kuhn, Andreas"]
[Black "Spelleken, Hans-Gerd"]
[Result "1-0"]
[WhiteElo "2162"]
[BlackElo "1714"]
[PlyCount "85"]
[EventDate "2011.??.??"]
[WhiteTeam "Wiesbadener SV 1885"]
[BlackTeam "SC Alzenau"]

1. d4 Nf6 2. c4 g6 3. Nc3 Bg7 4. e4 d6 5. Be2 O-O 6. f4 Nbd7 7. e5 dxe5 8. dxe5
Ne8 9. Be3 c6 10. Nf3 Qc7 11. Ng5 h6 12. Nf3 Nb6 13. c5 Nd5 14. Nxd5 cxd5 15.
Qxd5 Be6 16. Qe4 Rd8 17. O-O Bd5 18. Qc2 b6 19. b4 Qb7 20. Rfc1 Be4 21. Qb3 Bd5
22. Qa4 Nc7 23. c6 Qb8 24. b5 Ne6 25. Qc2 Qc7 26. Rd1 Kh7 27. Rac1 f6 28. f5
Bxf3 29. fxg6+ Kh8 30. Bxf3 Qxe5 31. Qe2 f5 32. h4 Qf6 33. h5 f4 34. Bf2 Nc7
35. a4 Rd6 36. Rxd6 exd6 37. Rd1 Re8 38. Qd3 Rd8 39. a5 Na8 40. Qe4 bxa5 41.
Bxa7 d5 42. Qc2 Qe5 43. Bd4 1-0

[Event "23.Schlosspark-Open"]
[Site "Wiesbaden"]
[Date "2011.08.25"]
[Round "1.28"]
[White "Klebs, Sebastian"]
[Black "Ruppert, Wolfgang"]
[Result "0-1"]
[WhiteElo "1738"]
[BlackElo "2155"]
[PlyCount "50"]
[EventDate "2011.??.??"]
[WhiteTeam "vereinslos"]
[BlackTeam "SC Flörsheim 1921"]

1. e4 e6 2. d4 d5 3. e5 c5 4. c3 Nc6 5. Nf3 Bd7 6. dxc5 Bxc5 7. b4 Bb6 8. Bf4
Nge7 9. Bd3 Ng6 10. Bg3 Bc7 11. Qe2 Qb8 12. Bxg6 hxg6 13. b5 Ne7 14. O-O a6 15.
Nd4 Nf5 16. Nxf5 gxf5 17. Na3 Qa7 18. bxa6 Qc5 19. Nb1 Bb5 20. Qb2 Bxf1 21.
axb7 Rb8 22. Kxf1 f4 23. Bxf4 Qc4+ 24. Qe2 Qxf4 25. Qb5+ Kd8 0-1

[Event "23.Schlosspark-Open"]
[Site "Wiesbaden"]
[Date "2011.08.25"]
[Round "1.29"]
[White "Bremer, Vincent"]
[Black "Jordake, Michael"]
[Result "1/2-1/2"]
[WhiteElo "2144"]
[BlackElo "1732"]
[PlyCount "38"]
[EventDate "2011.??.??"]
[WhiteTeam "SC Lerchenberg/ZMO"]
[BlackTeam "SC Bergen-Enkheim 1922"]

1. c4 Nf6 2. g3 e6 3. Bg2 Nc6 4. d4 Bb4+ 5. Bd2 Bxd2+ 6. Qxd2 O-O 7. e4 e5 8.
Ne2 exd4 9. Nxd4 Ne5 10. Qc2 Qe7 11. O-O Qc5 12. Nf5 Re8 13. Nd2 d6 14. Rac1
Be6 15. a3 a5 16. Qc3 Bxf5 17. exf5 Nc6 18. b4 axb4 19. axb4 Qxb4 1/2-1/2

[Event "23.Schlosspark-Open"]
[Site "Wiesbaden"]
[Date "2011.08.25"]
[Round "1.30"]
[White "Spinnler, Wolfgang"]
[Black "Weiler, Dieter"]
[Result "0-1"]
[WhiteElo "1729"]
[BlackElo "2142"]
[PlyCount "86"]
[EventDate "2011.??.??"]
[WhiteTeam "SC Landskrone"]
[BlackTeam "vereinslos"]

1. d4 d5 2. c4 e6 3. cxd5 exd5 4. Nf3 c6 5. a3 Bd6 6. Nc3 Bf5 7. Bg5 Ne7 8. e3
Qb6 9. Qc1 Nd7 10. Bxe7 Bxe7 11. Be2 O-O 12. O-O Qd8 13. b4 Bd6 14. b5 Nf6 15.
bxc6 bxc6 16. Rd1 h6 17. Ne5 Bxe5 18. dxe5 Nd7 19. f4 Qa5 20. e4 dxe4 21. Nxe4
Bxe4 22. Rxd7 Qb6+ 23. Kh1 Rad8 24. Rd6 Rxd6 25. exd6 Rd8 26. Qd2 Bd5 27. Qb4
Qxb4 28. axb4 Rxd6 29. Rxa7 Re6 30. Bf1 Re1 31. Kg1 Bc4 32. Kf2 Rxf1+ 33. Ke3
Rb1 34. Rc7 Bd5 35. Rc8+ Kh7 36. g3 Rxb4 37. Rc7 Rb2 38. h3 Rb3+ 39. Kf2 Rf3+
40. Kg2 Rxf4+ 41. Kg1 Rf3 42. Re7 Rxg3+ 43. Kf2 Rxh3 0-1

[Event "23.Schlosspark-Open"]
[Site "Wiesbaden"]
[Date "2011.08.25"]
[Round "1.31"]
[White "Kreiling, Carsten"]
[Black "Wang, Julia"]
[Result "1-0"]
[WhiteElo "2138"]
[BlackElo "1719"]
[PlyCount "111"]
[EventDate "2011.??.??"]
[WhiteTeam "SVG Eppstein 1932"]
[BlackTeam "Heilbronner SV"]

1. d4 c6 2. c4 d5 3. cxd5 cxd5 4. Nc3 Nf6 5. Bf4 Nc6 6. e3 Bf5 7. Nf3 e6 8. Qb3
Qb6 9. Qxb6 axb6 10. Rc1 Be7 11. Bc7 Ne4 12. a3 Bd8 13. Bxd8 Kxd8 14. Bb5 Nd6
15. Be2 Na5 16. Nd2 Ke7 17. O-O g5 18. Na4 b5 19. Nb6 Ra6 20. Rc7+ Ke8 21. Rfc1
Rxb6 22. Rc8+ Nxc8 23. Rxc8+ Ke7 24. Rxh8 Rc6 25. g4 Bg6 26. Bxb5 Rc2 27. Nf3
Be4 28. Kg2 Rxb2 29. a4 Nc4 30. Kg3 Kf6 31. Bxc4 dxc4 32. Rc8 Rb4 33. Ne5 Rb1
34. f3 Bg6 35. Nxg6 hxg6 36. Rxc4 Ra1 37. Rb4 Ra3 38. e4 Ra1 39. Kf2 Ra2+ 40.
Kg3 Rd2 41. a5 Ra2 42. Rb5 Ra4 43. Kf2 Rxd4 44. Rxb7 Rd2+ 45. Ke3 Rxh2 46. a6
Ra2 47. a7 Ra4 48. Kd3 e5 49. Kc3 Ke6 50. Kb3 Ra1 51. Kc4 f6 52. Kc5 Ra2 53.
Kc6 Rc2+ 54. Kb6 Kd6 55. a8=Q Rb2+ 56. Ka7 1-0

[Event "23.Schlosspark-Open"]
[Site "Wiesbaden"]
[Date "2011.08.25"]
[Round "1.32"]
[White "Kunkel, Wolfgang"]
[Black "Eck, Mathias"]
[Result "1-0"]
[WhiteElo "1713"]
[BlackElo "2137"]
[PlyCount "55"]
[EventDate "2011.??.??"]
[WhiteTeam "SK 1858 Gießen"]
[BlackTeam "SV SF Darmstadt 1994"]

1. f4 c6 2. Nf3 d5 3. d4 Nf6 4. e3 Bf5 5. Bd3 g6 6. O-O Nbd7 7. Nbd2 Bg7 8. h3
O-O 9. Bxf5 gxf5 10. b3 Nb6 11. Qe1 Nc8 12. Ne5 Nd6 13. g4 Nfe8 14. Kh2 f6 15.
Nef3 Qd7 16. Rg1 e6 17. g5 fxg5 18. Rxg5 Nf7 19. Rg2 Kh8 20. Ba3 Rg8 21. Ne5
Nxe5 22. dxe5 b6 23. Nf3 c5 24. Qh4 Qf7 25. Rag1 Rf8 26. Rg6 Qg8 27. Ng5 Nc7
28. Nxh7 1-0